000 00312nam a22001217a 4500
008 211026b ||||| |||| 00| 0 eng d
020 _a9788178559094
050 _a330
_b1
245 _aMCQs In Economics Class XII (CBSE) Term 1
260 _aNew Delhi
_bArya Publications
_c2021
300 _a1
942 _cBK
_2ddc
999 _c11857
_d11857